[Event "FB22 2223 Hamburger SK II - Elmshorner S"]
[Site "?"]
[Date "2023.02.19"]
[Round "5.4"]
[White "Saynajakangas, Kirsi"]
[Black "Neitzel, Emma"]
[Result "1-0"]
[WhiteElo "1604"]
[BlackElo "1120"]
[PlyCount "71"]
[EventDate "2023.??.??"]

1. d4 d5 2. Bf4 Bf5 3. e3 Nf6 4. Nd2 e6 5. c3 Bd6 6. Bg3 O-O 7. Qb3 b6 8. Ngf3 Qe7 9. Be2 Nbd7 10. Ne5 Bxe5 11. dxe5 Ne4 12. Nxe4 Bxe4 13. f3 Nc5 14. Qd1 Bf5 15. Qd4 Qg5 16. Kf2 Qg6 17. Rad1 Rfd8 18. Bh4 Rd7 19. b4 Nb7 20. e4 c5 21. exf5 Qxf5 22. Qd3 Qxd3 23. Bxd3 c4 24. Bc2 a5 25. a4 axb4 26. cxb4 b5 27. a5 Nd8 28. Bxd8 Rdxd8 29. Rd4 g6 30. Ke3 Kg7 31. Ra1 Ra6 32. h4 h5 33. Rf4 Rh8 34. Kd4 Rh6 35. Kc5 Rh7 36. Kxb5 1-0

[Event "FB22 2223 Hamburger SK II - Elmshorner S"]
[Site "?"]
[Date "2023.02.19"]
[Round "5.5"]
[White "Margaryan, Sofia"]
[Black "Reich, Kristina"]
[Result "1-0"]
[WhiteElo "1247"]
[BlackElo "1531"]
[PlyCount "97"]
[EventDate "2023.??.??"]

1. d4 d5 2. c4 Bf5 3. Nc3 e6 4. Bf4 Nf6 5. e3 Bb4 6. Qb3 Nc6 7. Nf3 Ne4 8. a3 Bxc3+ 9. bxc3 b6 10. cxd5 Qxd5 11. Qxd5 exd5 12. Bb5 Bd7 13. Bxc7 Rc8 14. Bf4 Nxc3 15. Bxc6 Bxc6 16. Rc1 Na4 17. Ne5 Bb7 18. Rxc8+ Bxc8 19. O-O O-O 20. Nc6 a6 21. Ne7+ Kh8 22. Nxd5 Be6 23. Nc7 Rc8 24. d5 Bd7 25. Rb1 Nc3 26. Re1 a5 27. Be5 Ne4 28. d6 Nc5 29. Bd4 Ne4 30. Be5 Nc5 31. Rd1 f6 32. Bd4 Na4 33. Rb1 b5 34. h3 Rb8 35. Na6 Rc8 36. Nc7 Rb8 37. Nd5 Bc6 38. Nc3 Nb6 39. Bxb6 Rxb6 40. Na4 Rb8 41. Rc1 Bd7 42. Rc7 Rd8 43. Nc5 Bf5 44. g4 Bc8 45. d7 Bxd7 46. Nxd7 h6 47. Kg2 Kg8 48. Rb7 Kh8 49. Nc5 1-0

[Event "FB22 2223 SK Lehrte - Delmenhorster SK"]
[Site "?"]
[Date "2023.02.19"]
[Round "5.1"]
[White "Kickert, Germaine Helene"]
[Black "Zschischang, Marine"]
[Result "0-1"]
[WhiteElo "1970"]
[BlackElo "2077"]
[PlyCount "202"]
[EventDate "2023.??.??"]

1. e4 e6 2. d4 d5 3. Nd2 dxe4 4. Nxe4 Nd7 5. Nf3 Ngf6 6. Nxf6+ Nxf6 7. c3 c5 8. Ne5 a6 9. Be3 Nd5 10. Qa4+ Bd7 11. Qxd7+ Qxd7 12. Nxd7 Kxd7 13. Bc4 Nxe3 14. fxe3 b5 15. Bd3 f5 16. a4 b4 17. O-O g6 18. g3 Bg7 19. Rfd1 Ke7 20. dxc5 bxc3 21. bxc3 Rhc8 22. Rab1 Bxc3 23. Rb7+ Kf6 24. Rb6 Rxc5 25. Rxa6 Rxa6 26. Bxa6 Ba5 27. Bd3 Re5 28. Kf2 Bb6 29. Re1 g5 30. Kf3 g4+ 31. Kf2 h5 32. Re2 Kg5 33. Re1 h4 34. Re2 h3 35. Bc4 Re4 36. a5 Bxa5 37. Bd3 Rb4 38. e4 Bb6+ 39. Ke1 f4 40. gxf4+ Kxf4 41. Ra2 Rb3 42. Kd2 Bg1 43. Kc2 Rb6 44. Kc3 Rc6+ 45. Kb4 Rc1 46. Bc4 Rb1+ 47. Kc3 e5 48. Be6 Bd4+ 49. Kd3 Rd1+ 50. Kc4 Rg1 51. Ra8 g3 52. hxg3+ Rxg3 53. Rh8 Rc3+ 54. Kd5 Rc5+ 55. Kd6 Kxe4 56. Rh4+ Ke3 57. Rxh3+ Kf2 58. Rd3 Ra5 59. Bd5 Ra6+ 60. Bc6 Ke2 61. Rh3 Kd2 62. Kd5 Rb6 63. Rh2+ Ke3 64. Rh3+ Kf4 65. Rh8 Bb2 66. Rf8+ Ke3 67. Kc5 Bd4+ 68. Kd5 Ra6 69. Re8 Ra5+ 70. Kd6 Kd3 71. Ra8 Ba7 72. Re8 Kd4 73. Re6 Bc5+ 74. Kc7 Ra7+ 75. Bb7 Ra1 76. Rh6 Bf8 77. Rh4+ Kc5 78. Re4 Bd6+ 79. Kc8 Rg1 80. Re2 Rg8+ 81. Kd7 Rg7+ 82. Kc8 Rc7+ 83. Kb8 Re7+ 84. Ka7 Kb5 85. Rb2+ Bb4 86. Re2 Bc3 87. Kb8 Kb6 88. Bc8 e4 89. Ra2 Be5+ 90. Ka8 Re8 91. Rc2 e3 92. Rc1 e2 93. Rb1+ Ka5 94. Kb7 Bc3 95. Bd7 e1=Q 96. Rb5+ Ka4 97. Re5+ Ka3 98. Rxe8 Qb1+ 99. Kc6 Qh1+ 100. Kb5 Qd5+ 101. Ka6 Qd6+ 0-1

[Event "FB22 2223 SK Lehrte - Delmenhorster SK"]
[Site "?"]
[Date "2023.02.19"]
[Round "5.2"]
[White "Manusina, Nicole"]
[Black "Moeller, Hannah"]
[Result "1-0"]
[WhiteElo "2032"]
[BlackElo "1735"]
[PlyCount "77"]
[EventDate "2023.??.??"]

1. d4 Nf6 2. c4 g6 3. Nc3 Bg7 4. e4 d6 5. f3 c6 6. Be3 Nbd7 7. Qd2 h5 8. O-O-O Qa5 9. Kb1 a6 10. Nd5 Qxd2 11. Nxf6+ Bxf6 12. Rxd2 c5 13. Ne2 O-O 14. Nc3 cxd4 15. Bxd4 Bxd4 16. Rxd4 Nb6 17. Be2 Be6 18. f4 Rac8 19. b3 Kg7 20. Kb2 Rh8 21. Rf1 f5 22. Bf3 Rc7 23. Re1 Rhc8 24. exf5 Bxf5 25. h3 Rh8 26. a4 Kf7 27. Rd2 Rd7 28. a5 Nc8 29. Rde2 e5 30. fxe5 dxe5 31. Bd5+ Kg7 32. Rxe5 Rf8 33. R1e2 Rc7 34. Bf3 Rd8 35. Nd5 Rf7 36. R5e3 Bd7 37. Nc7 Bf5 38. Ne6+ Bxe6 39. Rxe6 1-0

[Event "FB22 2223 SK Lehrte - Delmenhorster SK"]
[Site "?"]
[Date "2023.02.19"]
[Round "5.3"]
[White "Wollscheid, Stefanie"]
[Black "Diederichs, Luise"]
[Result "0-1"]
[WhiteElo "1678"]
[BlackElo "1965"]
[PlyCount "66"]
[EventDate "2023.??.??"]

1. e4 g6 2. d4 Bg7 3. Nf3 d6 4. Bf4 a6 5. Bc4 b5 6. Bd5 c6 7. Bb3 Nf6 8. Nbd2 O-O 9. O-O c5 10. c3 Nc6 11. d5 Na5 12. Bc2 Bd7 13. Re1 h6 14. Qc1 g5 15. Bg3 Rc8 16. a4 Qb6 17. h4 g4 18. Nh2 c4 19. Bf4 b4 20. Nb1 Nb3 21. Bxb3 cxb3 22. Bxh6 g3 23. Be3 gxh2+ 24. Kxh2 Ng4+ 25. Kg1 Qb7 26. c4 Nxe3 27. Rxe3 Bh6 28. Rg3+ Kh7 29. Qf1 Qc7 30. Rxb3 Qxc4 31. Qxc4 Rxc4 32. f3 a5 33. Rd3 Rc1+ 0-1

[Event "FB22 2223 SK Lehrte - Delmenhorster SK"]
[Site "?"]
[Date "2023.02.19"]
[Round "5.4"]
[White "Wilmink, Anna"]
[Black "Oellrich, Emma"]
[Result "1-0"]
[WhiteElo "1745"]
[BlackElo "1534"]
[PlyCount "121"]
[EventDate "2023.??.??"]

1. e4 e6 2. d4 d5 3. Nd2 c5 4. dxc5 Bxc5 5. exd5 Qxd5 6. Ngf3 Nf6 7. Bc4 Qd8 8. O-O O-O 9. Nb3 Bd6 10. Bg5 Be7 11. Qe2 Nc6 12. Rad1 Qc7 13. Rd2 Kh8 14. Bh4 Ne8 15. Bxe7 Qxe7 16. Rfd1 a6 17. Nbd4 Nxd4 18. Rxd4 b5 19. Bd5 Ra7 20. Bb3 Nf6 21. Ne5 Rc7 22. Qd3 Bb7 23. Rd8 Rc8 24. Rxf8+ Rxf8 25. Qd6 Qxd6 26. Rxd6 Kg8 27. f3 Re8 28. c4 bxc4 29. Bxc4 Ra8 30. b4 Kf8 31. a4 Ke7 32. Rd2 Nd5 33. Kf2 f6 34. Nd3 Nb6 35. Nc5 Bc8 36. Bb3 e5 37. Ke3 f5 38. Kd3 Bd7 39. Nxd7 Nxd7 40. Kc3 Rc8+ 41. Kb2 Rb8 42. Ka3 Nf6 43. Bc4 Ra8 44. Kb3 g5 45. Re2 Kd6 46. Bd3 Ke6 47. Rc2 e4 48. fxe4 fxe4 49. Rc6+ Ke5 50. Bxa6 e3 51. Be2 Rd8 52. a5 Nd5 53. Rc5 Kd6 54. g3 Rf8 55. a6 Rf7 56. Rc4 Ra7 57. b5 Rc7 58. Rxc7 Kxc7 59. Kc4 Nb6+ 60. Kd4 Nc8 61. Kxe3 1-0

[Event "FB22 2223 SK Lehrte - Delmenhorster SK"]
[Site "?"]
[Date "2023.02.19"]
[Round "5.5"]
[White "Koenig, Emmilie"]
[Black "Michalek, Barbara"]
[Result "1/2-1/2"]
[WhiteElo "1508"]
[BlackElo "1907"]
[PlyCount "85"]
[EventDate "2023.??.??"]

1. d4 Nf6 2. Nf3 g6 3. h3 Bg7 4. c3 b6 5. Bf4 Bb7 6. e3 O-O 7. Nbd2 d5 8. Be2 Nbd7 9. Ne5 Ne8 10. Nxd7 Qxd7 11. h4 c5 12. h5 cxd4 13. exd4 Qf5 14. Bg3 e5 15. Bg4 Qf6 16. Bxe5 Qe7 17. Qe2 Bxe5 18. Qxe5 Qf6 19. Nf3 Qxe5+ 20. dxe5 Nc7 21. hxg6 hxg6 22. Nd4 Rae8 23. f4 f6 24. Bd7 Re7 25. e6 f5 26. O-O-O Kg7 27. Rhe1 Kf6 28. Bc6 Bc8 29. g3 Rd8 30. Re5 Rd6 31. Ba4 a6 32. Bb3 Bb7 33. Rde1 Rd8 34. R1e2 Rh8 35. c4 Rd8 36. cxd5 Nxd5 37. Bxd5 Rxd5 38. Rxd5 Bxd5 39. b3 Bxe6 40. Rxe6+ Rxe6 41. Nxe6 Kxe6 42. Kd2 Kd5 43. Kd3 1/2-1/2

[Event "FB22 2223 SK Lehrte - Delmenhorster SK"]
[Site "?"]
[Date "2023.02.19"]
[Round "5.6"]
[White "Lossin, Charlotte"]
[Black "Schlueter, Ulrike"]
[Result "0-1"]
[WhiteElo "1526"]
[BlackElo "1428"]
[PlyCount "118"]
[EventDate "2023.??.??"]

1. d4 d5 2. Nf3 Nf6 3. e3 g6 4. Bd3 Bg7 5. Nbd2 Nbd7 6. e4 dxe4 7. Nxe4 b6 8. Nxf6+ Nxf6 9. Bb5+ Bd7 10. Bxd7+ Qxd7 11. Be3 Nd5 12. O-O O-O 13. Bg5 h6 14. Bh4 Rad8 15. c3 Nf4 16. Qd2 Qg4 17. Bg3 e5 18. Rfe1 Rfe8 19. Bxf4 exf4 20. Qc2 g5 21. Qa4 Re6 22. Qxa7 Rd7 23. Qa4 Rde7 24. Rxe6 Qxe6 25. h3 f5 26. Qb3 Qxb3 27. axb3 Re2 28. Rb1 Kf7 29. Kf1 Re8 30. d5 g4 31. Nd2 gxh3 32. gxh3 Rd8 33. c4 b5 34. Nf3 Kg6 35. Ke2 Kh5 36. Ke1 Bf6 37. Kf1 Rd7 38. Ne1 Kh4 39. Kg2 Rg7+ 40. Kf3 Kxh3 41. Nd3 Kh2 42. Nxf4 Be5 43. Nd3 Bd4 44. Kf4 h5 45. Kxf5 h4 46. c5 h3 47. d6 cxd6 48. cxd6 Rg1 49. Ne1 Kh1 50. Nf3 Rxb1 51. Nxd4 Rd1 52. Ke5 Re1+ 53. Kd5 Re8 54. d7 Rh8 55. Kc6 Kg2 56. Nf5 Kxf2 57. Ng7 Rd8 58. Ne6 Rxd7 59. Kxd7 h2 0-1

[Event "FB22 2223 SV 1920 Hofheim - Elmshorner "]
[Site "?"]
[Date "2023.03.11"]
[Round "6.1"]
[White "Falke, Cynthia"]
[Black "Kushka, Alena"]
[Result "0-1"]
[WhiteElo "1639"]
[BlackElo "2160"]
[PlyCount "70"]
[EventDate "2023.??.??"]

1. e4 c5 2. Nc3 e6 3. g3 d5 4. exd5 exd5 5. Bg2 d4 6. Qe2+ Be7 7. Nd5 Nd7 8. d3 Ndf6 9. Qe5 Nxd5 10. Qxd5 Qb6 11. Rb1 Nf6 12. Qf3 Qa5+ 13. Bd2 Qxa2 14. Qd1 Bg4 15. f3 Be6 16. Ne2 O-O 17. O-O Qa6 18. Re1 Nd5 19. f4 Rad8 20. Ra1 Qd6 21. Rxa7 Rb8 22. Qa1 Bf6 23. Nc1 Rfe8 24. Nb3 Ne3 25. Bxe3 Bxb3 26. cxb3 dxe3 27. Be4 Bd4 28. Kg2 c4 29. Rxb7 Rxb7 30. Bxb7 cxd3 31. Kf3 Bb6 32. Be4 e2 33. Qb1 d2 34. Bxh7+ Kf8 35. Rxe2 d1=Q 0-1

[Event "FB22 2223 SV 1920 Hofheim - Elmshorner "]
[Site "?"]
[Date "2023.03.11"]
[Round "6.2"]
[White "Mar, Karmen"]
[Black "Fock, Sana"]
[Result "1-0"]
[WhiteElo "1856"]
[BlackElo "1778"]
[PlyCount "105"]
[EventDate "2023.??.??"]

1. e4 c5 2. Nf3 d6 3. d4 cxd4 4. Qxd4 Nc6 5. Bb5 a6 6. Bxc6+ bxc6 7. Qa4 Qc7 8. c4 e5 9. c5 Bd7 10. cxd6 Bxd6 11. O-O Nf6 12. Qc2 h6 13. Nbd2 Bg4 14. h3 Be6 15. Nc4 O-O 16. b3 Bxc4 17. Qxc4 a5 18. Bb2 Qe7 19. Rfe1 Rfc8 20. Rad1 a4 21. bxa4 Ra5 22. Nh4 Bc5 23. Nf5 Qa7 24. Re2 Rxa4 25. Qd3 Bd4 26. Bxd4 exd4 27. Qg3 Nh5 28. Qg4 g6 29. Nxh6+ Kg7 30. Qxc8 Kxh6 31. Qxc6 Nf4 32. Qc1 g5 33. Qc6+ Kg7 34. Red2 Rxa2 35. Qb5 Ne6 36. Qe5+ Kg6 37. Qf5+ Kg7 38. Qe5+ Kg6 39. Rxa2 Qxa2 40. Qf5+ Kg7 41. e5 Qa8 42. Qf6+ Kg8 43. Rd3 Qd8 44. Qxd8+ Nxd8 45. Rxd4 Ne6 46. Rg4 Kh7 47. g3 Kh6 48. f4 Kh5 49. Kf2 gxf4 50. gxf4 Kh6 51. Ke3 Ng7 52. Rxg7 Kxg7 53. f5 1-0

[Event "FB22 2223 SV 1920 Hofheim - Elmshorner "]
[Site "?"]
[Date "2023.03.11"]
[Round "6.3"]
[White "Margaryan, Susanna"]
[Black "Roessler, Ulrike"]
[Result "0-1"]
[WhiteElo "1466"]
[BlackElo "2155"]
[PlyCount "86"]
[EventDate "2023.??.??"]

1. d4 Nf6 2. c4 g6 3. Nc3 Bg7 4. e4 d6 5. Nf3 O-O 6. Be2 e5 7. dxe5 dxe5 8. Qxd8 Rxd8 9. Bg5 c6 10. Nxe5 Re8 11. O-O-O Na6 12. f4 h6 13. Bh4 g5 14. fxg5 hxg5 15. Bg3 Nc5 16. Bd3 Be6 17. b4 Nxd3+ 18. Rxd3 Nh5 19. Nf3 Bxc4 20. Re3 Nxg3 21. hxg3 a5 22. bxa5 Rxa5 23. a4 Bxc3 24. Rxc3 Rxa4 25. Rh5 f6 26. Nd2 Bf7 27. Rh3 Ra1+ 28. Kb2 Rea8 29. Kc2 R8a2+ 30. Kd3 Rd1 31. Rc2 Rxc2 32. Kxc2 Rg1 33. Rh2 Kf8 34. Nf3 Ra1 35. e5 g4 36. exf6 gxf3 37. Rh8+ Bg8 38. gxf3 Ra3 39. g4 Rxf3 40. g5 Rf5 41. Kc3 Rxg5 42. Kb4 Kf7 43. Rh6 b6 0-1

[Event "FB22 2223 SV 1920 Hofheim - Elmshorner "]
[Site "?"]
[Date "2023.03.11"]
[Round "6.4"]
[White "Lauterbach, Ingrid"]
[Black "Neitzel, Emma"]
[Result "1-0"]
[WhiteElo "2004"]
[BlackElo "1118"]
[PlyCount "59"]
[EventDate "2023.??.??"]

1. Nf3 d5 2. g3 Nc6 3. Bg2 e5 4. d3 Nf6 5. O-O Bc5 6. c3 O-O 7. b4 Bd6 8. a3 Bf5 9. Nbd2 Qd7 10. Re1 e4 11. dxe4 Nxe4 12. Bb2 Nxd2 13. Nxd2 Ne7 14. e4 dxe4 15. Nxe4 Bxe4 16. Bxe4 c6 17. c4 Rad8 18. Qd4 f6 19. Rad1 Qc7 20. Qxa7 Ra8 21. Qe3 Be5 22. Bc1 Rfd8 23. Bc2 Kh8 24. Rd3 Rd7 25. Red1 Rad8 26. Rxd7 Rxd7 27. Rxd7 Qxd7 28. Qd3 Qxd3 29. Bxd3 Kg8 30. Be3 {ZÜ} 1-0

[Event "FB22 2223 SV 1920 Hofheim - Elmshorner "]
[Site "?"]
[Date "2023.03.11"]
[Round "6.5"]
[White "Falke, Antje"]
[Black "Rieseler, Caroline"]
[Result "0-1"]
[WhiteElo "1079"]
[BlackElo "2114"]
[PlyCount "62"]
[EventDate "2023.??.??"]

1. d4 Nf6 2. Nf3 g6 3. Bf4 Bg7 4. e3 O-O 5. Be2 d6 6. O-O b6 7. Nbd2 Bb7 8. c3 Nbd7 9. Rc1 c5 10. Re1 Qc7 11. h3 Rac8 12. Rb1 Rfe8 13. Qb3 h6 14. Qc2 Qc6 15. Rbc1 cxd4 16. exd4 e5 17. dxe5 dxe5 18. Bh2 b5 19. Qd1 Rcd8 20. Bf1 Nh5 21. g4 Nf4 22. Bxf4 exf4 23. Bg2 Ne5 24. a3 Rxd2 25. Qxd2 Qxf3 26. Bxf3 Nxf3+ 27. Kf1 Nxd2+ 28. Kg1 Nf3+ 29. Kf1 Rxe1+ 30. Rxe1 Nxe1 31. Kxe1 Bg2 0-1

[Event "FB22 2223 SV Mülheim-Nord - Hamburger S"]
[Site "?"]
[Date "2023.03.11"]
[Round "6.1"]
[White "Rogozenco, Ileana"]
[Black "Freitag, Julia"]
[Result "1-0"]
[WhiteElo "2043"]
[BlackElo "2110"]
[PlyCount "91"]
[EventDate "2023.??.??"]

1. e4 e6 2. d4 d5 3. e5 c5 4. c3 Nc6 5. Nf3 Qb6 6. a3 c4 7. Nbd2 Na5 8. Be2 Bd7 9. O-O Be7 10. Re1 Nh6 11. Rb1 Nf5 12. Qc2 Rc8 13. Nf1 Nb3 14. Bg5 Qd8 15. Bxe7 Qxe7 16. Bd1 a5 17. Qe2 a4 18. Bc2 Nh4 19. Rbd1 Bc6 20. Ng3 Nxf3+ 21. Qxf3 Qg5 22. Qh5 Qxh5 23. Nxh5 Ke7 24. Re3 g6 25. Nf6 b5 26. g4 h6 27. f4 Na5 28. Rf1 Nb7 29. f5 gxf5 30. gxf5 Na5 31. Rh3 Nb3 32. Rf2 Rcf8 33. Kf1 Bb7 34. Ng4 h5 35. Nf6 h4 36. fxe6 fxe6 37. Rf4 Nd2+ 38. Ke2 Ne4 39. Bxe4 dxe4 40. Rfxh4 Rxh4 41. Rxh4 Rf7 42. Ke3 Bc6 43. Rh7 Rxh7 44. Nxh7 Kf7 45. Ng5+ Ke7 46. Nxe4 1-0

[Event "FB22 2223 SV Mülheim-Nord - Hamburger S"]
[Site "?"]
[Date "2023.03.11"]
[Round "6.2"]
[White "Vogel, Heike"]
[Black "Wartenberg, Alissa"]
[Result "1/2-1/2"]
[WhiteElo "2126"]
[BlackElo "1760"]
[PlyCount "79"]
[EventDate "2023.??.??"]

1. d4 d5 2. Bf4 Nf6 3. e3 c5 4. c3 Qb6 5. Qc2 g6 6. dxc5 Qxc5 7. Bd3 Nc6 8. Nf3 Bg7 9. Nbd2 O-O 10. Bc7 e6 11. h4 Qe7 12. Be5 Nxe5 13. Nxe5 Nh5 14. g4 Ng3 15. Nxg6 fxg6 16. fxg3 e5 17. Be2 d4 18. Ne4 dxe3 19. O-O-O Be6 20. h5 Bxa2 21. hxg6 hxg6 22. g5 Be6 23. Nd6 Qxg5 24. g4 Rad8 25. Qa4 Qe7 26. Ne4 Rxd1+ 27. Rxd1 a6 28. g5 Qf7 29. Nc5 b5 30. Qxa6 Bc4 31. Bxc4 Qxc4 32. Qxg6 e2 33. Re1 Qxc5 34. Qe6+ Rf7 35. g6 Qe3+ 36. Kb1 Qe4+ 37. Ka2 Qa4+ 38. Kb1 Qd1+ 39. Ka2 Qa4+ 40. Kb1 1/2-1/2

[Event "FB22 2223 SV Mülheim-Nord - Hamburger S"]
[Site "?"]
[Date "2023.03.11"]
[Round "6.3"]
[White "Harder, Daniella"]
[Black "Limbourg, Marina"]
[Result "0-1"]
[WhiteElo "1617"]
[BlackElo "2020"]
[PlyCount "82"]
[EventDate "2023.??.??"]

1. Nf3 Nf6 2. c4 g6 3. b4 Bg7 4. Bb2 O-O 5. g3 d5 6. cxd5 Nxd5 7. Bxg7 Kxg7 8. Qb3 Qd6 9. Qb2+ f6 10. a3 e5 11. d3 a5 12. b5 Bd7 13. Nbd2 a4 14. Bg2 Qb6 15. Rb1 c6 16. bxc6 Qxb2 17. Rxb2 Bxc6 18. O-O Nd7 19. Rc1 f5 20. Ne1 Rfc8 21. Nc2 Nc3 22. Re1 e4 23. Nd4 Bd5 24. dxe4 fxe4 25. e3 Nc5 26. Rf1 Nd3 27. Rb6 Nc5 28. Rc1 Nb3 29. N2xb3 axb3 30. Ra1 Na4 31. Rxb3 Bxb3 32. Nxb3 Nc3 33. Nd2 Ra4 34. Nb3 b5 35. Kf1 Nd5 36. Rd1 Nf6 37. Nd4 Rb8 38. Ra1 b4 39. Nc6 Rb6 40. Nd4 bxa3 41. Ke1 a2 0-1

[Event "FB22 2223 SV Mülheim-Nord - Hamburger S"]
[Site "?"]
[Date "2023.03.11"]
[Round "6.4"]
[White "Stoer, Agnes"]
[Black "Garny, Annica"]
[Result "1-0"]
[WhiteElo "1849"]
[BlackElo "1679"]
[PlyCount "87"]
[EventDate "2023.??.??"]

1. Nf3 Nf6 2. d4 g6 3. g3 Bg7 4. Bg2 d6 5. O-O O-O 6. Nbd2 Nbd7 7. c4 c5 8. d5 a6 9. Rb1 b5 10. b3 Rb8 11. Bb2 Nb6 12. e4 bxc4 13. bxc4 e5 14. Ne1 Bh6 15. f4 exf4 16. gxf4 Ng4 17. Qc2 f6 18. Qd3 Bg7 19. h3 Nh6 20. Bc3 Nd7 21. Nef3 Bb7 22. Nb3 Qc7 23. Ba5 Qc8 24. h4 f5 25. Ng5 fxe4 26. Bxe4 Nf6 27. Ne6 Re8 28. Rfe1 Nxe4 29. Rxe4 Bf6 30. Bc7 Ra8 31. Na5 Ra7 32. Bxd6 Be7 33. Nc7 Bxd5 34. Qxd5+ Kf8 35. Ne6+ Kf7 36. Rb8 Qxb8 37. Bxb8 Rxb8 38. Ng5+ Ke8 39. Qc6+ Rd7 40. Rxe7+ Kxe7 41. Qe6+ Kd8 42. Nc6+ Kc7 43. Nxb8 Rd1+ 44. Kf2 1-0

[Event "FB22 2223 SV Mülheim-Nord - Hamburger S"]
[Site "?"]
[Date "2023.03.11"]
[Round "6.5"]
[White "Stappenbeck, Nina"]
[Black "Hausrath, Michaela"]
[Result "1-0"]
[WhiteElo "1573"]
[BlackElo "1746"]
[PlyCount "101"]
[EventDate "2023.??.??"]

1. e4 c5 2. Nc3 Nc6 3. f4 d6 4. Nf3 Nf6 5. Bb5 Bd7 6. d4 cxd4 7. Nxd4 Rc8 8. Be3 a6 9. Bd3 e5 10. Nxc6 Bxc6 11. O-O Be7 12. Qf3 O-O 13. f5 d5 14. Bg5 dxe4 15. Nxe4 Nxe4 16. Bxe7 Qxe7 17. Bxe4 Qc5+ 18. Kh1 Qxc2 19. Bxc2 Bxf3 20. Bb3 Bc6 21. Rae1 Rfe8 22. f6 Rc7 23. Rf5 gxf6 24. Rxf6 Kg7 25. Ref1 Ree7 26. h3 Rcd7 27. R6f5 Bd5 28. Bc2 e4 29. Rg5+ Kh8 30. b3 Bc6 31. Re1 Rd2 32. Bb1 h6 33. Rg4 e3 34. Rh4 Rxg2 35. Rxh6+ Kg7 36. Rxc6 Rd2 37. Rg1+ Kf8 38. Rc8+ Re8 39. Rxe8+ Kxe8 40. Re1 e2 41. Kg1 Kd7 42. Kf2 Rb2 43. Bf5+ Kc6 44. Rxe2 Rxe2+ 45. Kxe2 Kd5 46. Kd3 b6 47. a3 Ke5 48. Bg4 b5 49. b4 f5 50. Bxf5 Kxf5 51. Kd4 1-0

[Event "FB22 2223 SV Mülheim-Nord - Hamburger S"]
[Site "?"]
[Date "2023.03.11"]
[Round "6.6"]
[White "Lebioda-Dette, Kordula"]
[Black "Reich, Kristina"]
[Result "1/2-1/2"]
[WhiteElo "1686"]
[BlackElo "1514"]
[PlyCount "55"]
[EventDate "2023.??.??"]

1. e4 d5 2. exd5 Qxd5 3. Nf3 Nf6 4. Nc3 Qa5 5. Be2 Bf5 6. O-O c6 7. d3 Nbd7 8. Bd2 e6 9. Nh4 Bg6 10. Ne4 Qc7 11. Nxf6+ Nxf6 12. Qc1 Bd6 13. h3 Nd5 14. g3 Qb6 15. Kh1 f5 16. c4 Nf6 17. Ng2 Bh5 18. Bxh5+ Nxh5 19. Rb1 O-O 20. Qe1 Rfe8 21. Nf4 Bxf4 22. Bxf4 Nxf4 23. gxf4 Qd4 24. Qe3 Rad8 25. Rfd1 Re7 26. b4 b6 27. Rb3 Qxe3 28. fxe3 1/2-1/2

[Event "FB22 2223 Lübecker SV - Delmenhorster S"]
[Site "?"]
[Date "2023.03.11"]
[Round "6.1"]
[White "Moenster, Madita"]
[Black "Kopylov, Luba"]
[Result "1-0"]
[WhiteElo "1971"]
[BlackElo "2021"]
[PlyCount "71"]
[EventDate "2023.??.??"]

1. e4 d6 2. d4 g6 3. Bc4 Bg7 4. Nf3 h5 5. h3 c5 6. Nc3 cxd4 7. Nxd4 Qb6 8. Ndb5 Nf6 9. Be3 Qa5 10. e5 dxe5 11. b4 Qd8 12. Qxd8+ Kxd8 13. O-O-O+ Bd7 14. Bxa7 e6 15. Bb6+ Ke7 16. Nc7 Ra3 17. Kb2 Rxc3 18. Kxc3 Rc8 19. Kb3 Ne4 20. f3 Ng3 21. Rhe1 e4 22. fxe4 Be5 23. Bc5+ Kf6 24. Nb5 Bc6 25. Na7 Re8 26. Nxc6 Nxc6 27. Rd7 b6 28. Bf2 Rc8 29. Re3 h4 30. Rf3+ Kg7 31. Rfxf7+ Kh6 32. Be3+ g5 33. Bxe6 Ne2 34. Rh7+ Kg6 35. Bf5+ Kf6 36. Rh6# 1-0

[Event "FB22 2223 Lübecker SV - Delmenhorster S"]
[Site "?"]
[Date "2023.03.11"]
[Round "6.3"]
[White "Moeller, Hannah"]
[Black "Sickmann, Lisa"]
[Result "1/2-1/2"]
[WhiteElo "1732"]
[BlackElo "2013"]
[PlyCount "138"]
[EventDate "2023.??.??"]

1. Nf3 Nf6 2. g3 d5 3. Bg2 c5 4. O-O Nc6 5. d4 cxd4 6. Nxd4 e5 7. Nxc6 bxc6 8. c4 Be7 9. Nc3 Bb7 10. cxd5 cxd5 11. Qa4+ Qd7 12. Qxd7+ Kxd7 13. Rd1 Ke6 14. Nb5 Bd6 15. Bg5 h6 16. Bxf6 gxf6 17. Rac1 Rhd8 18. Nc7+ Bxc7 19. Rxc7 Rab8 20. Bh3+ f5 21. e4 Kd6 22. Rxf7 fxe4 23. Rf6+ Kc5 24. Rxh6 d4 25. Rc1+ Kb4 26. Be6 d3 27. Rh4 d2 28. Rd1 Rd4 29. Bg4 Ba6 30. Rh6 Bb5 31. h3 Rbd8 32. Rh7 a5 33. Rb7 Kc5 34. Rc7+ Kb6 35. Rc3 a4 36. Re3 Ka5 37. Be2 Bd7 38. Kg2 Be6 39. b3 a3 40. f3 Bf5 41. f4 exf4 42. gxf4 Kb4 43. Kf2 Rc8 44. Bg4 Bxg4 45. hxg4 Rc2 46. g5 Rxa2 47. g6 Rc2 48. g7 Rc8 49. f5 a2 50. f6 Rd7 51. Ke2 Re8 52. Rg3 Rg8 53. Re3 Ra8 54. Rxe4+ Kxb3 55. Re7 Rxe7+ 56. fxe7 Kc3 57. Ra1 Kc2 58. g8=Q d1=Q+ 59. Rxd1 Rxg8 60. Rd2+ Kb3 61. Rd3+ Kb4 62. Rd4+ Kb5 63. Rd5+ Kc4 64. Ra5 Kb3 65. Kd3 Re8 66. Rb5+ Ka4 67. Rb7 Ka3 68. Ra7+ Kb2 69. Rb7+ Ka3 1/2-1/2

[Event "FB22 2223 Lübecker SV - Delmenhorster S"]
[Site "?"]
[Date "2023.03.11"]
[Round "6.4"]
[White "Mundt, Alexandra"]
[Black "Wollscheid, Stefanie"]
[Result "1-0"]
[WhiteElo "1775"]
[BlackElo "1675"]
[PlyCount "61"]
[EventDate "2023.??.??"]

1. e4 c5 2. Nf3 d6 3. d4 cxd4 4. Nxd4 g6 5. Nc3 a6 6. Be3 Bg7 7. Qd2 Nf6 8. f3 Bd7 9. Be2 Nc6 10. g4 h6 11. h4 Qa5 12. Nb3 Qc7 13. O-O-O b5 14. g5 hxg5 15. hxg5 Rxh1 16. Rxh1 Nh5 17. Nd5 Qb7 18. Bf2 Bf8 19. f4 Ng7 20. Rh8 Be6 21. Qc3 Bxd5 22. exd5 Kd7 23. dxc6+ Qxc6 24. Qxc6+ Kxc6 25. Bf3+ d5 26. Nd4+ Kd6 27. Kd2 e5 28. fxe5+ Kxe5 29. c3 Nf5 30. Nxf5 Kxf5 31. Bc5 1-0

[Event "FB22 2223 Lübecker SV - Delmenhorster S"]
[Site "?"]
[Date "2023.03.11"]
[Round "6.5"]
[White "Kahrs, Daniela"]
[Black "Freytag, Nicole"]
[Result "1-0"]
[WhiteElo "1996"]
[BlackElo "1694"]
[PlyCount "35"]
[EventDate "2023.??.??"]

1. e4 d5 2. Nc3 dxe4 3. Nxe4 e5 4. Nf3 Nd7 5. d4 exd4 6. Nxd4 Nc5 7. Ng5 Qe7+ 8. Be3 h6 9. Ngf3 Bd7 10. Bc4 O-O-O 11. Qe2 Kb8 12. a4 Nf6 13. a5 g5 14. a6 Nce4 15. axb7 c5 16. Nb3 Ng4 17. Bd5 f5 18. Qa6 1-0

[Event "FB22 2223 Lübecker SV - Delmenhorster S"]
[Site "?"]
[Date "2023.03.11"]
[Round "6.6"]
[White "Gossing, Marie-Sophie"]
[Black "Schlueter, Ulrike"]
[Result "1/2-1/2"]
[WhiteElo "1391"]
[BlackElo "1453"]
[PlyCount "65"]
[EventDate "2023.??.??"]

1. e4 e5 2. Nf3 Nf6 3. Nc3 Nc6 4. Bc4 Nxe4 5. Nxe4 d5 6. Bxd5 Qxd5 7. Nc3 Qd8 8. O-O Bg4 9. Re1 Bd6 10. Nb5 O-O 11. Nxd6 Qxd6 12. c3 Rad8 13. h3 Bh5 14. Re4 Qf6 15. Re3 Rfe8 16. Qe1 Qd6 17. b4 Bxf3 18. Rxf3 e4 19. Re3 Qf4 20. Rg3 Qf5 21. a4 Ne5 22. Qe2 Nd3 23. Ba3 Re6 24. Qe3 Rf6 25. Rf1 Ne5 26. Qxa7 Nc4 27. Bc1 Rb6 28. a5 Rb5 29. d3 exd3 30. Rg5 Qd7 31. Rg4 Qd5 32. Rg5 Qd7 33. Rg4 1/2-1/2

[Event "FB22 2223 SK Doppelbauer Turm Kiel - SK "]
[Site "?"]
[Date "2023.03.11"]
[Round "6.3"]
[White "Manusina, Nicole"]
[Black "Rath, Alina"]
[Result "1/2-1/2"]
[WhiteElo "2035"]
[BlackElo "2059"]
[PlyCount "52"]
[EventDate "2023.??.??"]

1. d4 d5 2. c4 e6 3. Nc3 c5 4. cxd5 exd5 5. Nf3 Nc6 6. g3 Nf6 7. Bg2 Be7 8. O-O O-O 9. a3 a5 10. dxc5 Bxc5 11. Bg5 d4 12. Bxf6 Qxf6 13. Ne4 Qe7 14. Nxc5 Qxc5 15. Rc1 Qb6 16. Qd2 Bf5 17. Rfd1 Rad8 18. Qf4 Bg6 19. Rd2 Rfe8 20. Nh4 Qb5 21. Nxg6 hxg6 22. Bxc6 bxc6 23. Rxd4 Qxb2 24. Rxd8 Rxd8 25. Rxc6 Qxe2 26. Rc1 Rd1+ 1/2-1/2

[Event "FB22 2223 SK Doppelbauer Turm Kiel - SK "]
[Site "?"]
[Date "2023.03.11"]
[Round "6.4"]
[White "Braeutigam, Katerina"]
[Black "Grabowski, Petra"]
[Result "1-0"]
[WhiteElo "1919"]
[BlackElo "1600"]
[PlyCount "53"]
[EventDate "2023.??.??"]

1. e4 e6 2. d4 d5 3. e5 c5 4. c3 Qb6 5. Nf3 Nc6 6. a3 cxd4 7. cxd4 Bd7 8. b4 Rc8 9. Be2 f6 10. Bb2 fxe5 11. Nxe5 Nxe5 12. dxe5 g6 13. Nc3 Ne7 14. O-O Bg7 15. Na4 Bxa4 16. Qxa4+ Nc6 17. b5 Qa5 18. Qg4 Ne7 19. Qxe6 Qd2 20. Rac1 Kf8 21. Rxc8+ Nxc8 22. Qxc8+ Ke7 23. Qxb7+ Kf8 24. e6 Qf4 25. Qc8+ Ke7 26. Qd7+ Kf8 27. Qd8# 1-0